000 00625nam a2200217Ia 4500
005 20250923145805.0
008 008 250917s9999 xx 000 0 eng d
037 _aTextual
040 _aDSWL
_beng
_cDSWL
041 _aeng
_2eng
084 _aT:2,1, N70
_qDSWL
100 _aMinor, E.D.
_9838953
245 0 _aTechniques for producing visual instructional Institutes-Media
_cby E.D.Minor
260 _aTobys
_bTobys McGraw Hill
_c1970
300 _axiii,305p.
365 _aINR
_b60.00
700 _a H.R. Frve
_9838954
925 _g60.00
942 _cTEXL
_hT:2,1, N70
999 _c1455743
_d1455743